| 000 | 00354nam a2200145Ia 4500 | ||
|---|---|---|---|
| 008 | 210716s2006 xx 000 0 und d | ||
| 020 | _a9780198289289 | ||
| 041 | _aeng | ||
| 082 | _a361 SENA | ||
| 100 | _aSen, Amartya. | ||
| 245 | _aInequality reexaminded. | ||
| 250 | _a1 | ||
| 260 |
_aNew Delhi _bOxford University Press _c2006 |
||
| 300 | _axiv,207 | ||
| 999 |
_c201365 _d201365 |
||